000 00447nam a2200193Ia 4500
005 20250425161521.0
008 250425s9999 xx 000 0 und d
041 _aeng
082 _a622.1828
100 _aBURCIK, EMIL J.
245 0 _aPROPERTIES OF PETROLEUM RESERVOIR FLUIDS
250 _aS.E.
260 _aBOSTON
260 _aEstados Unidos
_bIHRDC
_c1956
300 _a187
650 _aPETROLEO
942 _c01
010 _a22058
999 _c210803
_d210803